[Event "Baltic Zonal II Stage 2018"]
[Site "Palanga"]
[Date "2018.06.20"]
[Round "9"]
[White "Chukavin, Kirill"]
[Black "Bernotas, Arturs"]
[Result "1/2-1/2"]
[WhiteElo "2256"]
[BlackElo "2407"]
[Annotator "RC"]
[PlyCount "132"]
[EventDate "2018.??.??"]
[EventType "swiss"]
[EventCountry "LTU"]
[SourceTitle "playchess.com"]
[Source "ChessBase"]
[SourceQuality "1"]
[TimeControl "5400+30"]

1. e4 {[%emt 0:00:00]} c5 {[%emt 0:00:09]} 2. Nf3 {[%emt 0:00:03]} d6 {[%emt 0:00:17]} 3. d4 {[%emt 0:00:43]} cxd4 {[%emt 0:00:12]} 4. Nxd4 {[%emt 0:00:03]} Nf6 {[%emt 0:00:11]} 5. Nc3 {[%emt 0:00:37]} a6 {[%emt 0:00:20]} 6. h3 {[%emt 0:01:27]} b5 {[%emt 0:00:50]} 7. g4 {[%emt 0:04:53]} Bb7 {[%emt 0:01:23]} 8. Bg2 {[%emt 0:00:45]} e6 {[%emt 0:00:39]} 9. O-O {[%emt 0:05:43]} Nfd7 {[%emt 0:00:34]} 10. a4 {[%emt 0:04:59]} b4 {[%emt 0:02:59]} 11. Na2 {[%emt 0:04:11]} Nc5 {[%emt 0:02:26]} 12. Re1 {[%emt 0:09:58]} e5 {[%emt 0:05:39]} 13. Nf5 {[%emt 0:04:44]} Nc6 {[%emt 0:01:29]} 14. c3 {[%emt 0:03:18]} bxc3 {[%emt 0:05:29]} 15. Nxc3 {[%emt 0:02:25]} g6 {[%emt 0:04:37]} 16. Ng3 {[%emt 0:03:48]} Be7 {[%emt 0:07:17]} 17. Nd5 {[%emt 0:03:22]} O-O {[%emt 0:04:12]} 18. Bh6 {[%emt 0:04:16]} Re8 {[%emt 0:01:36]} 19. b4 {[%emt 0:02:17]} Ne6 {[%emt 0:02:25]} 20. Nxe7+ {[%emt 0:00:58]} Qxe7 {[%emt 0:00:29]} 21. Qd2 {[%emt 0:08:41]} Ncd4 {[%emt 0:05:49]} 22. Ra3 {[%emt 0:00:36]} Rec8 {[%emt 0:04:36]} 23. Rc1 {[%emt 0:00:59]} Qd7 {[%emt 0:09:38]} 24. a5 {[%emt 0:07:22]} Rxc1+ {[%emt 0:10:48]} 25. Qxc1 {[%emt 0:00:06]} Rc8 {[%emt 0:00:34]} 26. Rc3 {[%emt 0:01:07]} Rxc3 {[%emt 0:00:32]} 27. Qxc3 {[%emt 0:00:06]} Qc6 {[%emt 0:00:08]} 28. Qd3 {[%emt 0:06:35]} Qb5 {[%emt 0:16:31]} 29. Qc3 {[%emt 0:02:09]} Qc6 {[%emt 0:00:51]} 30. Qd3 {[%emt 0:00:30]} Qa4 {[%emt 0:00:43]} 31. Qd2 {[%emt 0:06:38]} Qc2 {[%emt 0:03:51]} 32. h4 {[%emt 0:05:27]} Bc6 {[%emt 0:02:14]} 33. Qxc2 {[%emt 0:01:28]} Nxc2 {[%emt 0:00:05]} 34. Bf1 {[%emt 0:00:11]} Nc7 {[%emt 0:00:28]} 35. Bd2 {[%emt 0:01:44]} Bb5 {[%emt 0:00:30]} 36. Ne2 {[%emt 0:01:23]} Kf8 {[%emt 0:01:34]} 37. f3 {[%emt 0:01:17]} Ke7 {[%emt 0:00:22]} 38. Kf2 {[%emt 0:00:48]} Kd7 {[%emt 0:00:21]} 39. g5 {[%emt 0:01:08]} Kc6 {[%emt 0:01:28]} 40. f4 {[%emt 0:01:42]} Ne6 {[%emt 0:01:41]} 41. f5 {[%emt 0:00:34]} Ned4 {[%emt 0:00:29]} 42. Nxd4+ {[%emt 0:00:18]} Nxd4 {[%emt 0:00:06]} 43. Bh3 {[%emt 0:00:52]} Bc4 {[%emt 0:01:50]} 44. Bc3 {[%emt 0:00:58]} Nb5 {[%emt 0:01:57]} 45. Bb2 {[%emt 0:00:19]} Nc7 {[%emt 0:00:13]} 46. Bc3 {[%emt 0:00:23]} Nb5 {[%emt 0:01:16]} 47. Bb2 {[%emt 0:00:02]} d5 {[%emt 0:01:24]} 48. Bxe5 {[%emt 0:00:43]} dxe4 {[%emt 0:00:06]} 49. fxg6 {[%emt 0:00:30]} hxg6 {[%emt 0:00:16]} 50. Ke3 {[%emt 0:00:41]} Kd5 {[%emt 0:00:11]} 51. Bb2 {[%emt 0:00:26]} Nd6 {[%emt 0:00:46]} 52. Bd7 {[%emt 0:01:01]} Bb5 {[%emt 0:00:07]} 53. Bxb5 {[%emt 0:00:29]} Nxb5 {[%emt 0:00:02]} 54. Kf4 {[%emt 0:00:27]} Nd4 {[%emt 0:01:09]} 55. Bxd4 {[%emt 0:00:36]} Kxd4 {[%emt 0:00:01]} 56. b5 {[%emt 0:00:07]} e3 {[%emt 0:00:20]} 57. Kf3 {[%emt 0:01:02]} Kd3 {[%emt 0:00:41]} 58. b6 {[%emt 0:00:09]} e2 {[%emt 0:00:04]} 59. b7 {[%emt 0:00:03]} e1=Q {[%emt 0:00:06]} 60. b8=Q {[%emt 0:00:06]} Qh1+ {[%emt 0:02:15]} 61. Kg3 {[%emt 0:00:50]} Qg1+ {[%emt 0:00:09]} 62. Kh3 {[%emt 0:00:24]} Qe3+ {[%emt 0:00:18]} 63. Kg4 {[%emt 0:00:42]} Qe6+ {[%emt 0:01:02]} 64. Kg3 {[%emt 0:00:30]} Qe3+ {[%emt 0:00:08]} 65. Kg4 {[%emt 0:00:18]} Qd4+ {[%emt 0:00:26]} 66. Kg3 {[%emt 0:00:17]} Qe3+ {[%emt 0:01:31]} 1/2-1/2

[Event "Baltic Zonal II Stage 2018"]
[Site "Palanga"]
[Date "2018.06.20"]
[Round "9"]
[White "Garanin, Aleksei"]
[Black "Kulaots, Kaido"]
[Result "1-0"]
[WhiteElo "2171"]
[BlackElo "2574"]
[Annotator "TA"]
[PlyCount "75"]
[EventDate "2018.??.??"]
[EventType "swiss"]
[EventCountry "LTU"]
[SourceTitle "playchess.com"]
[Source "ChessBase"]
[SourceQuality "1"]

{[%evp 22,75,15,0,14,5,14,8,4,9,45,34,57,0,10,10,47,33,40,42,37,39,46,3,16,18,11,16,30,0,73,40,86,0,-6,-31,183,49,128,116,138,129,136,83,279,59,897,881,2202,1920,29991,29992,29992,29993,29993,29994]} 1. e4 c5 2. Nf3 Nc6 3. d4 cxd4 4. Nxd4 Nf6 5. Nc3 d6 6. Be2 e6 7. O-O Be7 8. Be3 O-O 9. Kh1 Bd7 10. Nb3 a6 11. f4 b5 12. a3 Bc8 {B85: Sizilianisch (Scheveninger System)} (12... Qc7 13. Bf3 Rab8 14. g4 Bc8 15. Bg2 Re8 16. g5 Nd7 17. Rf3 Bf8 18. Rh3 g6 19. Qd2 Bg7 20. Rf1 a5 21. Qf2 {1-0 (56) Fedorchuk,S (2669)-Kurmann,O (2421) Zug 2013}) 13. Bf3 Bb7 14. Qe1 Rb8 $146 {Die Stellung ist ausgeglichen.} ({Vorgänger:} 14... Rc8 15. Rd1 Qc7 16. Qg3 Rfe8 17. Rd2 Nd7 18. Bg4 Bf8 19. Rdf2 Nf6 20. f5 {0-1 (36) Amru,M (2045)-Chua,Z (2250) Hue 2009}) 15. Qg3 Kh8 16. Rad1 Qc7 17. Qf2 (17. e5 $14 dxe5 18. fxe5) 17... Ba8 18. g4 {[%cal Bg2g4,Bg4g5][%mdl 32]} b4 19. axb4 Nxb4 20. g5 $36 {[%mdl 2048] Weiss drückt.} Nd7 21. Bg2 Rfe8 22. Qe2 Bf8 23. Rf3 Kg8 24. Rh3 {Droht Dh5 und aus.} g6 25. Qf2 Bg7 (25... f5 $11) 26. Bd4 e5 27. fxe5 (27. Ba7 $1 $16) 27... Nxe5 $11 28. Rf1 {zielt auf Dh4 ab.} Re7 $2 (28... Qe7 $15 {bleibt weiter vorne.}) 29. Nd5 (29. Qh4 $18) 29... Bxd5 (29... Nxd5 $1 $14 30. exd5 Qc4) 30. exd5 $16 Qxc2 31. Qh4 {Und weiter mit Lc3 wäre nett.} Nbd3 {[#]} 32. Na5 (32. Bxe5 $142 $1 Nxe5 33. Nd4 (33. Qxh7+ Kf8 $16)) 32... Rc7 $2 ({Falsch wäre} 32... Kf8 $2 33. Nc6 $18 (33. Qxh7 Rb4 $14)) (32... Rxb2 $16 33. Bxb2 (33. Qxh7+ Kf8 $14) 33... Qxb2) 33. Nc6 $2 (33. Qxh7+ Kf8 $16) ({Besser ist} 33. Be4 $18 Qa4 34. Qxh7+ (34. Bxd3 Qxa5 35. Be4 Kf8 $16) 34... Kf8 35. Rxd3 (35. Nc6 Nf2+ 36. Rxf2 Qd1+ 37. Kg2 Qg4+ 38. Kf1 Qxe4 $11) 35... Qxa5 {[#]} 36. Rdf3 $1 {[%mdl 512]}) 33... Re8 $2 {[%mdl 8192]} (33... Rxb2 $14 34. Qxh7+ (34. Bxb2 Qxb2 35. Qxh7+ Kf8 $14) 34... Kf8 35. Bxb2 Qxb2) 34. Be4 $18 f5 35. Bxd3 Nxd3 36. Qxh7+ {Weiß setzt Matt.} Kf8 {[#]} 37. Rxf5+ $1 {[%mdl 512]} gxf5 38. Qxf5+ {Precision: Weiß = 48%, Schwarz = 16%.} 1-0